000 00388nam a2200133Ia 4500
008 100328s9999 xx 000 0 und d
082 _b66340
100 _aनायक श्रीकांत.
245 _aचक्रव्यूह.
260 _bज्ञानदत्त.
630 _aचक्रव्यूह.
730 _aचक्रव्यूह.
942 _cBOOK
999 _c552080
_d552077